000 01103nam a22003130a 4500
001 PT22662
003 AR-LpoUNG
005 20210131233109.0
008 191001s2005||||ag |||||||||||||||||spa d
020 _a9871151640
_c$5,8
040 _aAR-LpoUNG
_bspa
_cAR-LpoUNG
_eaacr
041 _aspa
044 _aag
082 0 _a410 962leo
100 1 _aCubo de Severino, Liliana
_ecoor.
245 1 0 _aLeo pero no comprendo :
_bestrategias de comprensión lectora
250 _a1§ edición
260 _aCórdoba :
_bComunicarte,
_cjunio de 2005.
300 _a272 p. :
_bmapas
520 _aPlantea un abordaje gradual del proceso de lectura, expone cuáles son las operaciones que realiza el aparato cognitivo desde que se percibe las señales gráficas de una palabra hasta la instancia en que se "archiva" en la memoria a largo plazo el significado global del texto.
650 4 _aLECTURA
650 4 _aLINGÜISTICA
651 4 _aDOCUMENTOS TEORICOS O METODOLOGICOS
653 _aCOMPRENSION LECTORA
653 _aLECTOESCRITURA
653 _aMAES
905 _a22662
942 _cLIB
999 _c19144
_d19144